ბათუმის შოთა რუსთაველის სახელმწიფო უნივერსიტეტის ბიბლიოთეკა

Химия и технология присадок к маслам и топливам. (ბიბ.ჩანაწერი № 41432)

000 -LEADER
fixed length control field 00659nam a2200217Ia 4500
001 - CONTROL NUMBER
control field 8094
003 - CONTROL NUMBER IDENTIFIER
control field GE_BSU
008 - FIXED-LENGTH DATA ELEMENTS--GENERAL INFORMATION
fixed length control field 181216s||||||||xx |||||||||||||| ||und||
040 ## - CATALOGING SOURCE
Transcribing agency GE_BSU
080 ## - UNIVERSAL DECIMAL CLASSIFICATION NUMBER
Universal Decimal Classification number 621.892
100 ## - MAIN ENTRY--PERSONAL NAME
Personal name Кулиев,А.М.
245 ## - TITLE STATEMENT
Title Химия и технология присадок к маслам и топливам.
245 ## - TITLE STATEMENT
Statement of responsibility, etc. Ред. Е.А.Пинчук.
250 ## - EDITION STATEMENT
Edition statement 2-е изд. перераб.
260 ## - PUBLICATION, DISTRIBUTION, ETC.
Place of publication, distribution, etc. Л.
260 ## - PUBLICATION, DISTRIBUTION, ETC.
Name of publisher, distributor, etc. Химия.
260 ## - PUBLICATION, DISTRIBUTION, ETC.
Date of publication, distribution, etc. 1985.
300 ## - PHYSICAL DESCRIPTION
Extent 312стр.с иил.22см.
653 ## - INDEX TERM--UNCONTROLLED
Uncontrolled term Химия и технология присадок к маслам и топливам.
942 ## - ADDED ENTRY ELEMENTS (KOHA)
Koha item type წიგნი
ეგზემპლარები
Withdrawn status Lost status Damaged status Not for loan Date acquired Barcode Date last seen Price effective from Koha item type
        2018-12-17 9639 2018-12-17 2018-12-17 წიგნი